|
|
|
|
| LEADER |
00000cam a2200000 7i4500 |
| 001 |
0000000178 |
| 005 |
20160330.0 |
| 008 |
070627 |
| 020 |
|
|
|a 9832562406(set)
|
| 020 |
|
|
|a 9832562457
|
| 090 |
0 |
0 |
|a ROS
|b MAL (605)
|
| 100 |
0 |
|
|a Rosli Mohd Sah
|
| 245 |
1 |
0 |
|a Kabus telah tersirna
|c Rosli Mohd Sah
|
| 260 |
|
|
|a Johor Bahru :
|b City Megazone ,
|c 2006
|
| 440 |
|
|
|a Siri remaja bermotivasi
|
| 500 |
|
|
|a Teenager ages 13-18 years old (blue)
|
| 650 |
|
0 |
|a Malay fiction
|
| 999 |
|
|
|a 0000953541
|b Book
|c Teenagers
|e Perbadanan Perpustakaan Awam Johor
|
| 999 |
|
|
|a 0000953542
|b Book
|c Teenagers
|e Perbadanan Perpustakaan Awam Johor
|
| 999 |
|
|
|a 0000953543
|b Book
|c Teenagers
|e Perbadanan Perpustakaan Awam Johor
|
| 999 |
|
|
|a 0000953545
|b Book
|c Teenagers
|e Cawangan Bandar Penawar
|
| 999 |
|
|
|a 0000953551
|b Book
|c Adult Collection
|e Cawangan Pontian
|
| 999 |
|
|
|a 0000953553
|b Book
|c Teenagers
|e Cawangan Taman Universiti
|
| 999 |
|
|
|a 0000953554
|b Book
|c Teenagers
|e Cawangan Taman Universiti
|
| 999 |
|
|
|a 0000953559
|b Book
|c Teenagers
|e Cawangan Taman Universiti
|
| 999 |
|
|
|a 0000971826
|b Book
|c Teenagers
|e Cawangan Bandar Penawar
|
| 999 |
|
|
|a 0000971827
|b Book
|c Teenagers
|e Cawangan Bandar Penawar
|
| 999 |
|
|
|a 0001002421
|b Book
|c Teenagers
|e Cawangan Mersing
|
| 999 |
|
|
|a 0001002422
|b Book
|c Teenagers
|e Cawangan Bandar Penawar
|
| 999 |
|
|
|a 0001002423
|b Book
|c Teenagers
|e Cawangan Taman Sri Lambak
|
| 999 |
|
|
|a 0001026710
|b Book
|c Teenagers
|e Cawangan Mersing
|
| 999 |
|
|
|a 0001026909
|b Book
|c Adult Collection
|e Cawangan Pontian
|
| 999 |
|
|
|a 0001071632
|b Book
|c Adult Collection
|e Cawangan Bandar Penawar
|
| 999 |
|
|
|a 0001071639
|b Book
|c Teenagers
|e Cawangan Tmn. Ungku Tun Aminah
|
| 999 |
|
|
|a 0001071643
|b Book
|c Children Collection
|e Cawangan Bukit Gambir
|
| 999 |
|
|
|a 0001144497
|b Book
|c Teenagers
|e Cawangan Taman Universiti
|
| 999 |
|
|
|a 0001144498
|b Book
|c Teenagers
|e Cawangan Segamat
|
| 999 |
|
|
|a 0001144499
|b Book
|c Teenagers
|e Cawangan Mersing
|
| 999 |
|
|
|a 0001144500
|b Book
|c Adult Collection
|e Cawangan Pontian
|
| 999 |
|
|
|a 0001144501
|b Book
|c Teenagers
|e Cawangan Tmn. Ungku Tun Aminah
|
| 999 |
|
|
|a 0001144502
|b Book
|c Teenagers
|e Cawangan Bandar Penawar
|
| 999 |
|
|
|a 0001144503
|b Book
|c Teenagers
|e Cawangan Bukit Gambir
|
| 999 |
|
|
|a 0001144504
|b Book
|c Adult Collection
|e Cawangan Tangkak
|
| 999 |
|
|
|a 0001144505
|b Book
|c Teenagers
|e Cawangan Taman Universiti
|
| 999 |
|
|
|a 000953552
|b Book
|c Adult Collection
|e Cawangan Bandar Penawar
|